| 000 | 00768cam a2200253 a 4500 | ||
|---|---|---|---|
| 001 | 58894 | ||
| 003 | BD-RjUL | ||
| 005 | 20211209080652.0 | ||
| 008 | 161220r20001998maua b 001 0 eng | ||
| 020 | _a0074638734 | ||
| 035 | _a(BD-RjUL)59018 | ||
| 040 |
_aDLC _cDLC _dBD-RjUL _beng |
||
| 041 | _aeng | ||
| 082 | 0 | 0 |
_a330 _223 _bSAE 2000 |
| 100 | 1 |
_aSamuelson, Paul A. _q(Paul Anthony), _d1915-2009. _96103 |
|
| 245 | 1 | 0 |
_aEconomics / _cPaul A. Samuelson, William D. Nordhaus. |
| 250 | _a16th ed. | ||
| 260 |
_aBoston : _bMcGraw-Hill/Irwin, _cc1998 [Reprinted 2000]. |
||
| 300 |
_axxiv, 781 p. : _bill. ; _c27 cm. |
||
| 504 | _aIncludes bibliographical references and index. | ||
| 650 | 0 |
_aEconomics. _96104 |
|
| 700 | 1 |
_aNordhaus, William D. _96105 |
|
| 942 |
_2ddc _cBK |
||
| 999 |
_c58894 _d58894 |
||